|
|
|
|
| LEADER |
01707cas a2200241 a 4500 |
| 001 |
AALejournalIMF009093 |
| 008 |
230101c9999 xx r poo 0 0eng d |
| 020 |
|
|
|c 5.00 USD
|
| 020 |
|
|
|z 9781451812244
|
| 022 |
|
|
|a 1934-7685
|
| 040 |
|
|
|a BD-DhAAL
|c BD-DhAAL
|
| 110 |
2 |
|
|a International Monetary Fund.
|
| 245 |
1 |
0 |
|a Spain :
|b Financial Sector Assessment Program; Detailed Assessment of the CPSS-IOSCO Recommendations for the Securities Settlement Systems.
|
| 264 |
|
1 |
|a Washington, D.C. :
|b International Monetary Fund,
|c 2006.
|
| 300 |
|
|
|a 1 online resource (39 pages)
|
| 490 |
1 |
|
|a IMF Staff Country Reports
|
| 500 |
|
|
|a <strong>Off-Campus Access:</strong> No User ID or Password Required
|
| 500 |
|
|
|a <strong>On-Campus Access:</strong> No User ID or Password Required
|
| 506 |
|
|
|a Electronic access restricted to authorized BRAC University faculty, staff and students
|
| 520 |
3 |
|
|a This report describes the assessment of the securities clearance and settlement system in Spain, based on the Committee on Payment and Settlement Systems (CPSS)-International Organization of Securities Commissions' (IOSCO) Recommendations for Securities Settlement Systems. It is performed using the CPSS/IOSCO assessment methodology, and assesses the Management Company for Securities Registry, Clearance and Settlement, which operates under the commercial name of Iberclear, a corporation of the Securities Clearance and Settlement Service, SCLV, and the Central Public Registry.
|
| 538 |
|
|
|a Mode of access: Internet
|
| 830 |
|
0 |
|a IMF Staff Country Reports; Country Report ;
|v No. 2006/222
|
| 856 |
4 |
0 |
|z Full text available on IMF
|u http://elibrary.imf.org/view/journals/002/2006/222/002.2006.issue-222-en.xml
|z IMF e-Library
|